Base de la digitación violinistica (Record no. 83753)

MARC details
000 -LEADER
campo de control de longitud fija 00546nam a2200169 i 4500
001 - NÚMERO DE CONTROL
campo de control 83753
003 - IDENTIFICADOR DE NÚMERO DE CONTROL
campo de control ES-MaACL
005 - FECHA Y HORA DE LA ÚLTIMA TRANSACCIÓN
campo de control 20230906174903.0
007 - CAMPO FIJO DE DESCRIPCIÓN FÍSICA--INFORMACIÓN GENERAL
campo de control de longitud fija t|
008 - DATOS DE LONGITUD FIJA--INFORMACIÓN GENERAL
campo de control de longitud fija 041118s1923 sp ||||1| spa d
100 1# - ENTRADA PRINCIPAL--NOMBRE DE PERSONA
Nombre de persona Jarosy, Alberto.
9 (RLIN) 66135
245 10 - MENCIÓN DEL TÍTULO
Título Base de la digitación violinistica
Resto del título : doctrina de Paganini /
Mención de responsabilidad, etc. por Alberto Jarosy ; traducido del alemán por Antonio Ribera Maneja.
260 ## - PUBLICACIÓN, DISTRIBUCIÓN, ETC.
Lugar de publicación, distribución, etc. Barcelona :
Nombre del editor, distribuidor, etc. R. Maneja,
Fecha de publicación, distribución, etc. 1923.
300 ## - DESCRIPCIÓN FÍSICA
Extensión 32 p. ;
Dimensiones 12 cm.
700 1# - ENTRADA AGREGADA--NOMBRE PERSONAL
Nombre de persona Ribera Maneja, Antonio.
9 (RLIN) 96792
852 ## - LOCALIZACIÓN
Ubicación ES-MaACL
Número de control de estantería 1748-F-6
Holdings
Estatus retirado Estado de pérdida Estado de daño No para préstamo Colección Biblioteca de origen Biblioteca actual Ubicación en estantería Fecha de adquisición Fuente de adquisición Total de préstamos Signatura topográfica completa Código de barras Visto por última vez Precio de reemplazo Tipo de ítem Koha
        Colección de folletos Biblioteca del Ateneo de Madrid Biblioteca del Ateneo de Madrid Depósito folletos 17/01/2008     1748-F-6 1087533 23/02/2023 23/02/2023 Folleto